00464nam a2200193 a 4500001001300000003000900013005001700022008004100039020001000080082001500090100001900105245001800124260004200142300001000184500003500194505001000229650001200239700001900251nice12345678IN_TiNIC20260116014407.0130108s1962 goaa grp 000 0 eng  ac17500a574.5bCAR aCarson, Rachel aSilent Spring aGoa, India bOther India Press c1962 a244p  aincludes index and biblioraphy2 aIndex aEcology1 aCarson, Rachel